| Tag |
First Indicator |
Second Indicator |
Subfields |
| LEADER |
00000cam a2200000La 4500 |
| 001 |
in00001746292 |
| 005 |
20220105110128.0 |
| 006 |
m u |
| 007 |
cr cn--------- |
| 008 |
010215s1999 nyua s 000 0 eng d |
| 020 |
|
|
|a 0511008007 (electronic bk.)
|
| 035 |
|
|
|a (OCoLC)ocm47008113
|
| 040 |
|
|
|a N$T
|c N$T
|d OCL
|d OCLCQ
|d UtOrBLW
|
| 049 |
|
|
|a IICA
|
| 050 |
1 |
4 |
|a QC71
|b .S775 1999eb
|
| 082 |
0 |
4 |
|a 539
|2 21
|
| 100 |
1 |
|
|a Stannard, Russell.
|0 http://id.loc.gov/authorities/names/n85821521
|
| 245 |
1 |
4 |
|a The new world of Mr. Tompkins :
|b George Gamow's classic Mr. Tompkins in paperback /
|c fully revised and updated by Russell Stannard.
|
| 264 |
|
1 |
|a New York :
|b Cambridge University Press,
|c 1999.
|
| 300 |
|
|
|a xii, 258 pages :
|b illustrations ;
|c 23 cm.
|
| 336 |
|
|
|a text
|b txt
|2 rdacontent
|
| 337 |
|
|
|a computer
|b c
|2 rdamedia
|
| 338 |
|
|
|a online resource
|b cr
|2 rdacarrier
|
| 533 |
|
|
|a Electronic reproduction.
|b Boulder, Colo. :
|c NetLibrary,
|d 2001.
|n Available via World Wide Web.
|n Access may be limited to NetLibrary affiliated libraries.
|
| 500 |
|
|
|a Electronic resource.
|
| 650 |
|
0 |
|a Physics.
|0 http://id.loc.gov/authorities/subjects/sh85101653
|
| 655 |
|
7 |
|a Electronic books.
|2 local
|
| 700 |
1 |
|
|a Gamow, George,
|d 1904-1968.
|t Mr. Tompkins in paperback.
|
| 710 |
2 |
|
|a NetLibrary, Inc.
|0 http://id.loc.gov/authorities/names/no99080690
|
| 776 |
1 |
|
|c Original
|z 0521630096
|w (DLC) 98050379
|w (OCoLC)40559711
|
| 856 |
4 |
1 |
|u https://proxy.library.tamu.edu/login?url=http://www.netLibrary.com/urlapi.asp?action=summary&v=1&bookid=53724
|z Connect to the full text of this electronic book
|t 0
|
| 994 |
|
|
|a X0
|b IIC
|
| 999 |
|
|
|a MARS
|
| 999 |
f |
f |
|s bbb2a649-43d9-3fa2-a1ff-7ecd7ea8ef70
|i 5894465a-1ee8-3a1e-83be-8c14d68fd553
|t 0
|
| 952 |
f |
f |
|a Texas A&M University
|b College Station
|c Electronic Resources
|d Available Online
|t 0
|e QC71 .S775 1999eb
|h Library of Congress classification
|
| 998 |
f |
f |
|a QC71 .S775 1999eb
|t 0
|l Available Online
|